| 000 | 00703nam a2200205Ia 4500 | ||
|---|---|---|---|
| 003 | GCL | ||
| 008 | 140319s9999 xx 000 0 ara d | ||
| 020 | _a8105723977 | ||
| 040 |
_aGCL / _cGCL |
||
| 082 | 0 | 4 |
_a378.101 _bف ا |
| 100 | 1 | _aفريد النجار | |
| 245 | 1 | 0 |
_aادارة الجامعات بالجودة الشاملة رؤى التنمية المتواصلة / _cفريد النجار |
| 250 | _aالاولى | ||
| 260 |
_aالقاهرة : _bايتراك للنشر والتوزيع ، _c1999 |
||
| 300 |
_a190 ص ؛ _c24 سم |
||
| 650 | 0 | 4 | _aالادارة |
| 650 | 0 | 4 | _aالجامعات والكليات |
| 650 | 0 | 4 | _aالجامعات والكليات, تاريخ |
| 942 |
_2ddc _cBK |
||
| 999 |
_c949 _d949 |
||